[Event "Stay Safe Play from Home 160"]
[Site "T#646201Emanuel Laske"]
[Date "2020.05.20"]
[Round "5"]
[White "Mepe_Nika"]
[Black "toosieslide"]
[Result "1-0"]
[WhiteElo "2292"]
[BlackElo "2182"]
[PlyCount "137"]
[EventDate "2020.05.20"]
[EventType "swiss (blitz)"]

1. e4 {[%emt 0:00:01]} e5 {[%emt 0:00:02]} 2. Nf3 {[%emt 0:00:01]} Nc6 {[%emt 0:00:01]} 3. Nc3 {[%emt 0:00:01]} Nf6 {[%emt 0:00:01]} 4. d4 {[%emt 0:00:01]} exd4 {[%emt 0:00:01]} 5. Nxd4 {[%emt 0:00:00]} Bb4 {[%emt 0:00:01]} 6. Nxc6 {[%emt 0:00:01]} bxc6 {[%emt 0:00:00]} 7. Bd3 {[%emt 0:00:01]} d5 {[%emt 0:00:00]} 8. exd5 {[%emt 0:00:01]} cxd5 {[%emt 0:00:00]} 9. O-O {[%emt 0:00:01]} O-O {[%emt 0:00:00]} 10. Bg5 {[%emt 0:00:01]} c6 {[%emt 0:00:00]} 11. Qf3 {[%emt 0:00:01]} h6 {[%emt 0:00:02]} 12. Bxf6 {[%emt 0:00:01]} Qxf6 {[%emt 0:00:02]} 13. Qxf6 {[%emt 0:00:01]} gxf6 {[%emt 0:00:00]} 14. Ne2 {[%emt 0:00:01]} Be6 {[%emt 0:00:02]} 15. b3 {[%emt 0:00:02]} Bd6 {[%emt 0:00:02]} 16. Ng3 {[%emt 0:00:01]} c5 {[%emt 0:00:01]} 17. c4 {[%emt 0:00:02]} Be5 {[%emt 0:00:02]} 18. Rae1 {[%emt 0:00:03]} dxc4 {[%emt 0:00:01]} 19. Bxc4 {[%emt 0:00:01]} Bxc4 {[%emt 0:00:01]} 20. bxc4 {[%emt 0:00:00]} Rfd8 {[%emt 0:00:01]} 21. Nf5 {[%emt 0:00:01]} Kh7 {[%emt 0:00:01]} 22. Rd1 {[%emt 0:00:01]} Rab8 {[%emt 0:00:01]} 23. Rxd8 {[%emt 0:00:04]} Rxd8 {[%emt 0:00:01]} 24. f4 {[%emt 0:00:01]} Bd4+ {[%emt 0:00:01]} 25. Kh1 {[%emt 0:00:01]} Kg6 {[%emt 0:00:01]} 26. g4 {[%emt 0:00:01]} h5 {[%emt 0:00:02]} 27. h3 {[%emt 0:00:01]} hxg4 {[%emt 0:00:01]} 28. hxg4 {[%emt 0:00:00]} Rh8+ {[%emt 0:00:03]} 29. Kg2 {[%emt 0:00:01]} Rb8 {[%emt 0:00:02]} 30. Kf3 {[%emt 0:00:02]} Rh8 {[%emt 0:00:04]} 31. Kg3 {[%emt 0:00:03]} Rh7 {[%emt 0:00:02]} 32. Re1 {[%emt 0:00:02]} Rh8 {[%emt 0:00:01]} 33. Re7 {[%emt 0:00:04]} Rb8 {[%emt 0:00:04]} 34. Rxa7 {[%emt 0:00:01]} Rb1 {[%emt 0:00:01]} 35. Ra8 {[%emt 0:00:02]} Rg1+ {[%emt 0:00:02]} 36. Kf3 {[%emt 0:00:01]} Kh7 {[%emt 0:00:01]} 37. a4 {[%emt 0:00:02]} Rf1+ {[%emt 0:00:01]} 38. Ke4 {[%emt 0:00:01]} Re1+ {[%emt 0:00:01]} 39. Kd5 {[%emt 0:00:00]} Rf1 {[%emt 0:00:01]} 40. Nxd4 {[%emt 0:00:01]} cxd4 {[%emt 0:00:00]} 41. Kxd4 {[%emt 0:00:00]} Rxf4+ {[%emt 0:00:01]} 42. Kd5 {[%emt 0:00:01]} Rxg4 {[%emt 0:00:00]} 43. c5 {[%emt 0:00:01]} Rg1 {[%emt 0:00:00]} 44. c6 {[%emt 0:00:01]} Rc1 {[%emt 0:00:00]} 45. Kd6 {[%emt 0:00:01]} f5 {[%emt 0:00:00]} 46. c7 {[%emt 0:00:01]} f4 {[%emt 0:00:02]} 47. c8=Q {[%emt 0:00:01]} Rxc8 {[%emt 0:00:00]} 48. Rxc8 {[%emt 0:00:00]} f3 {[%emt 0:00:00]} 49. Rc2 {[%emt 0:00:00]} Kg6 {[%emt 0:00:01]} 50. Rf2 {[%emt 0:00:00]} f6 {[%emt 0:00:00]} 51. Rxf3 {[%emt 0:00:00]} Kf7 {[%emt 0:00:00]} 52. Rxf6+ {[%emt 0:00:01]} Kxf6 {[%emt 0:00:00]} 53. a5 {[%emt 0:00:00]} Kf5 {[%emt 0:00:00]} 54. a6 {[%emt 0:00:00]} Ke4 {[%emt 0:00:00]} 55. a7 {[%emt 0:00:00]} Ke3 {[%emt 0:00:00]} 56. a8=Q {[%emt 0:00:00]} Kd4 {[%emt 0:00:00]} 57. Qd5+ {[%emt 0:00:01]} Kc3 {[%emt 0:00:01]} 58. Ke5 {[%emt 0:00:00]} Kc2 {[%emt 0:00:00]} 59. Qe4+ {[%emt 0:00:00]} Kb2 {[%emt 0:00:00]} 60. Kf4 {[%emt 0:00:00]} Kb3 {[%emt 0:00:00]} 61. Qf3+ {[%emt 0:00:00]} Kc2 {[%emt 0:00:01]} 62. Qe4+ {[%emt 0:00:00]} Kb2 {[%emt 0:00:00]} 63. Qf3 {[%emt 0:00:01]} Kb1 {[%emt 0:00:00]} 64. Ke4 {[%emt 0:00:00]} Ka2 {[%emt 0:00:00]} 65. Qe3 {[%emt 0:00:01]} Ka1 {[%emt 0:00:00]} 66. Qf2 {[%emt 0:00:00]} Kb1 {[%emt 0:00:01]} 67. Kd3 {[%emt 0:00:00]} Ka1 {[%emt 0:00:00]} 68. Kc3 {[%emt 0:00:00]} Kb1 {[%emt 0:00:00]} 69. Qb2# {[%emt 0:00:01] (Lag: Av=0.46s, max=0.7s)} 1-0

[Event "Stay Safe Play from Home 160"]
[Site "T#646201Emanuel Laske"]
[Date "2020.05.20"]
[Round "5"]
[White "Weltszmerc"]
[Black "Lamborghini"]
[Result "0-1"]
[WhiteElo "2028"]
[BlackElo "2260"]
[PlyCount "66"]
[EventDate "2020.05.20"]
[EventType "swiss (blitz)"]

1. b4 {[%emt 0:00:10]} g6 {[%emt 0:00:01]} 2. Bb2 {[%emt 0:00:00]} Nf6 {[%emt 0:00:01]} 3. e4 {[%emt 0:00:01]} Bg7 {[%emt 0:00:01]} 4. Nc3 {[%emt 0:00:01]} d6 {[%emt 0:00:01]} 5. d3 {[%emt 0:00:00]} O-O {[%emt 0:00:01]} 6. a3 {[%emt 0:00:00]} c6 {[%emt 0:00:01]} 7. f4 {[%emt 0:00:01]} a5 {[%emt 0:00:02]} 8. b5 {[%emt 0:00:01]} Qb6 {[%emt 0:00:01]} 9. a4 {[%emt 0:00:01]} d5 {[%emt 0:00:03]} 10. e5 {[%emt 0:00:01]} Ng4 {[%emt 0:00:02]} 11. Qe2 {[%emt 0:00:01]} Qe3 {[%emt 0:00:03]} 12. h3 {[%emt 0:00:02]} Qxe2+ {[%emt 0:00:02]} 13. Kxe2 {[%emt 0:00:01]} Nh6 {[%emt 0:00:01]} 14. g4 {[%emt 0:00:01]} f6 {[%emt 0:00:01]} 15. d4 {[%emt 0:00:03]} fxe5 {[%emt 0:00:01]} 16. fxe5 {[%emt 0:00:00]} Nf7 {[%emt 0:00:01]} 17. Bg2 {[%emt 0:00:01]} Ng5 {[%emt 0:00:01]} 18. Nf3 {[%emt 0:00:01]} Nxf3 {[%emt 0:00:01]} 19. Bxf3 {[%emt 0:00:01]} Nd7 {[%emt 0:00:01]} 20. bxc6 {[%emt 0:00:02]} bxc6 {[%emt 0:00:01]} 21. Nxd5 {[%emt 0:00:01]} Ba6+ {[%emt 0:00:02]} 22. Ke3 {[%emt 0:00:04]} cxd5 {[%emt 0:00:01]} 23. Bxd5+ {[%emt 0:00:01]} e6 {[%emt 0:00:01]} 24. Bxa8 {[%emt 0:00:00]} Rxa8 {[%emt 0:00:01]} 25. Rac1 {[%emt 0:00:00]} Nb6 {[%emt 0:00:01]} 26. Ke4 {[%emt 0:00:02]} Bb7+ {[%emt 0:00:01]} 27. Kd3 {[%emt 0:00:01]} Ba6+ {[%emt 0:00:01]} 28. Kd2 {[%emt 0:00:01]} Nc4+ {[%emt 0:00:01]} 29. Kc3 {[%emt 0:00:01]} Rc8 {[%emt 0:00:02]} 30. Kb3 {[%emt 0:00:01]} Rb8+ {[%emt 0:00:03]} 31. Ka2 {[%emt 0:00:01]} Rxb2+ {[%emt 0:00:02]} 32. Ka1 {[%emt 0:00:00]} Rb4 {[%emt 0:00:00]} 33. Rb1 {[%emt 0:00:01]} Rxa4# {[%emt 0:00:01] (Lag: Av=0.83s, max=1.2s)} 0-1

[Event "Stay Safe Play from Home 160"]
[Site "T#646201Emanuel Laske"]
[Date "2020.05.20"]
[Round "5"]
[White "SecantFX"]
[Black "Lazieri3"]
[Result "0-1"]
[WhiteElo "1949"]
[BlackElo "2095"]
[Annotator "NA"]
[PlyCount "102"]
[EventDate "2020.05.20"]
[EventType "swiss (blitz)"]

1. g3 {[%emt 0:00:00]} c6 {[%emt 0:00:01]} 2. Bg2 {[%emt 0:00:00]} d5 {[%emt 0:00:00]} 3. f4 {[%emt 0:00:00]} Nf6 {[%emt 0:00:01]} 4. Nf3 {[%emt 0:00:00]} Bf5 {[%emt 0:00:00]} 5. O-O {[%emt 0:00:00]} e6 {[%emt 0:00:01]} 6. d3 {[%emt 0:00:00]} h5 {[%emt 0:00:01]} 7. Nbd2 {[%emt 0:00:00]} Bc5+ {[%emt 0:00:01]} 8. d4 {[%emt 0:00:01]} Bb6 {[%emt 0:00:01]} 9. e3 {[%emt 0:00:00]} c5 {[%emt 0:00:01]} 10. c3 {[%emt 0:00:00]} Nc6 {[%emt 0:00:01]} 11. Re1 {[%emt 0:00:01]} Ne4 {[%emt 0:00:02]} 12. Nxe4 {[%emt 0:00:01]} Bxe4 {[%emt 0:00:00]} 13. h3 {[%emt 0:00:01]} f5 {[%emt 0:00:02]} 14. Ng5 {[%emt 0:00:02]} Bxg2 {[%emt 0:00:03]} 15. Kxg2 {[%emt 0:00:01]} Qd7 {[%emt 0:00:02]} 16. b3 {[%emt 0:00:04]} h4 {[%emt 0:00:01]} 17. g4 {[%emt 0:00:02]} O-O-O {[%emt 0:00:02]} 18. gxf5 {[%emt 0:00:01]} exf5 {[%emt 0:00:01]} 19. Qf3 {[%emt 0:00:02]} Rde8 {[%emt 0:00:02]} 20. a3 {[%emt 0:00:01]} Re7 {[%emt 0:00:04]} 21. Bd2 {[%emt 0:00:01]} Rhe8 {[%emt 0:00:02]} 22. Re2 {[%emt 0:00:01]} cxd4 {[%emt 0:00:02]} 23. cxd4 {[%emt 0:00:00]} Nxd4 {[%emt 0:00:01]} 24. Rc1+ {[%emt 0:00:03]} Kb8 {[%emt 0:00:01]} 25. Qf2 {[%emt 0:00:05]} Nxe2 {[%emt 0:00:01]} 26. Qxe2 {[%emt 0:00:01]} Bxe3 {[%emt 0:00:01]} 27. Bxe3 {[%emt 0:00:01]} Rxe3 {[%emt 0:00:00]} 28. Qh5 {[%emt 0:00:03]} Re2+ {[%emt 0:00:01]} 29. Kf1 {[%emt 0:00:01]} Qb5 {[%emt 0:00:02]} 30. a4 {[%emt 0:00:04]} Re1+ {[%emt 0:00:03]} 31. Kg2 {[%emt 0:00:02]} Qe2+ {[%emt 0:00:02]} 32. Qxe2 {[%emt 0:00:02]} R8xe2+ {[%emt 0:00:00]} 33. Kf3 {[%emt 0:00:00]} Re3+ {[%emt 0:00:01]} 34. Kf2 {[%emt 0:00:01]} Rxc1 {[%emt 0:00:01]} 35. Kxe3 {[%emt 0:00:01]} Rc3+ {[%emt 0:00:01]} 36. Kd4 {[%emt 0:00:01]} Rxb3 {[%emt 0:00:01]} 37. Kxd5 {[%emt 0:00:00]} Rxh3 {[%emt 0:00:01]} 38. Nxh3 {[%emt 0:00:01]} Kc7 {[%emt 0:00:01]} 39. a5 {[%emt 0:00:01]} b6 {[%emt 0:00:01]} 40. a6 {[%emt 0:00:01]} b5 {[%emt 0:00:01]} 41. Kc5 {[%emt 0:00:01]} b4 {[%emt 0:00:02]} 42. Kxb4 {[%emt 0:00:01]} Kb6 {[%emt 0:00:00]} 43. Ng5 {[%emt 0:00:01]} Kxa6 {[%emt 0:00:01]} 44. Ne6 {[%emt 0:00:00]} h3 {[%emt 0:00:01]} 45. Nc5+ {[%emt 0:00:03]} Kb6 {[%emt 0:00:01]} 46. Nd7+ {[%emt 0:00:01]} Kc7 {[%emt 0:00:01]} 47. Ne5 {[%emt 0:00:01]} h2 {[%emt 0:00:00]} 48. Ng6 {[%emt 0:00:02]} h1=Q {[%emt 0:00:00]} 49. Kc5 {[%emt 0:00:01]} Qc6+ {[%emt 0:00:01]} 50. Kd4 {[%emt 0:00:01]} Qxg6 {[%emt 0:00:00]} 51. Ke5 {[%emt 0:00:00]} Qg4 {[%emt 0:00:00] Time (Lag: Av=0.70s, max=1.4s)} 0-1

[Event "Stay Safe Play from Home 160"]
[Site "T#646201Emanuel Laske"]
[Date "2020.05.20"]
[Round "5"]
[White "Haxhi Baha"]
[Black "Karthikchess"]
[Result "0-1"]
[WhiteElo "1939"]
[BlackElo "2421"]
[PlyCount "74"]
[EventDate "2020.05.20"]
[EventType "swiss (blitz)"]

1. e4 {[%emt 0:00:01]} c6 {[%emt 0:00:01]} 2. Nf3 {[%emt 0:00:01]} d5 {[%emt 0:00:00]} 3. Nc3 {[%emt 0:00:00]} dxe4 {[%emt 0:00:00]} 4. Nxe4 {[%emt 0:00:00]} Nf6 {[%emt 0:00:00]} 5. Nc3 {[%emt 0:00:01]} g6 {[%emt 0:00:02]} 6. Bc4 {[%emt 0:00:01]} Bg7 {[%emt 0:00:00]} 7. d4 {[%emt 0:00:00]} O-O {[%emt 0:00:01]} 8. h3 {[%emt 0:00:00]} Nbd7 {[%emt 0:00:00]} 9. Be3 {[%emt 0:00:01]} Nb6 {[%emt 0:00:01]} 10. Bb3 {[%emt 0:00:02]} Nfd5 {[%emt 0:00:00]} 11. Nxd5 {[%emt 0:00:01]} cxd5 {[%emt 0:00:01]} 12. Qd2 {[%emt 0:00:00]} Bd7 {[%emt 0:00:02]} 13. Bh6 {[%emt 0:00:01]} Rc8 {[%emt 0:00:02]} 14. Bxg7 {[%emt 0:00:01]} Kxg7 {[%emt 0:00:00]} 15. Ne5 {[%emt 0:00:02]} Bf5 {[%emt 0:00:01]} 16. g4 {[%emt 0:00:01]} Be6 {[%emt 0:00:02]} 17. h4 {[%emt 0:00:02]} f6 {[%emt 0:00:01]} 18. Nd3 {[%emt 0:00:03]} Bxg4 {[%emt 0:00:01]} 19. h5 {[%emt 0:00:02]} Nc4 {[%emt 0:00:01]} 20. h6+ {[%emt 0:00:05]} Kh8 {[%emt 0:00:01]} 21. Qf4 {[%emt 0:00:02]} Bf5 {[%emt 0:00:01]} 22. O-O-O {[%emt 0:00:02]} a5 {[%emt 0:00:02]} 23. Kb1 {[%emt 0:00:03]} b5 {[%emt 0:00:01]} 24. Nc5 {[%emt 0:00:03]} Nb6 {[%emt 0:00:04]} 25. a3 {[%emt 0:00:07]} a4 {[%emt 0:00:04]} 26. Ba2 {[%emt 0:00:01]} e5 {[%emt 0:00:02]} 27. dxe5 {[%emt 0:00:03]} Rxc5 {[%emt 0:00:01]} 28. e6 {[%emt 0:00:01]} Bxc2+ {[%emt 0:00:01]} 29. Ka1 {[%emt 0:00:01]} Bxd1 {[%emt 0:00:01]} 30. Rxd1 {[%emt 0:00:01]} Qe7 {[%emt 0:00:00]} 31. Qe3 {[%emt 0:00:02]} Rfc8 {[%emt 0:00:01]} 32. f4 {[%emt 0:00:01]} Nc4 {[%emt 0:00:01]} 33. Qd4 {[%emt 0:00:01]} Na5 {[%emt 0:00:01]} 34. f5 {[%emt 0:00:01]} Rc1+ {[%emt 0:00:01]} 35. Rxc1 {[%emt 0:00:01]} Rxc1+ {[%emt 0:00:00]} 36. Bb1 {[%emt 0:00:02]} Nb3+ {[%emt 0:00:00]} 37. Ka2 {[%emt 0:00:02]} Nxd4 {[%emt 0:00:00] Time (Lag: Av=0.76s, max=1.4s) Haxhi Baha resigns} 0-1

[Event "Stay Safe Play from Home 160"]
[Site "T#646201Emanuel Laske"]
[Date "2020.05.20"]
[Round "5"]
[White "Trotsky"]
[Black "UHU4"]
[Result "0-1"]
[WhiteElo "1543"]
[BlackElo "1455"]
[Annotator "NA"]
[PlyCount "54"]
[EventDate "2020.05.20"]
[EventType "swiss (blitz)"]

1. d4 {[%emt 0:00:01]} d5 {[%emt 0:00:02]} 2. e3 {[%emt 0:00:00]} e5 {[%emt 0:00:01]} 3. c4 {[%emt 0:00:01]} exd4 {[%emt 0:00:01]} 4. exd4 {[%emt 0:00:01]} Nf6 {[%emt 0:00:01]} 5. Be3 {[%emt 0:00:01]} Bf5 {[%emt 0:00:01]} 6. Nc3 {[%emt 0:00:01]} Bb4 {[%emt 0:00:01]} 7. c5 {[%emt 0:00:02]} O-O {[%emt 0:00:02]} 8. Bd3 {[%emt 0:00:01]} Ne4 {[%emt 0:00:01]} 9. Qc2 {[%emt 0:00:01]} Bxc3+ {[%emt 0:00:01]} 10. bxc3 {[%emt 0:00:01]} Nc6 {[%emt 0:00:01]} 11. f3 {[%emt 0:00:03]} Qh4+ {[%emt 0:00:03]} 12. g3 {[%emt 0:00:03]} Nxg3 {[%emt 0:00:02]} 13. Bf2 {[%emt 0:00:05]} Bxd3 {[%emt 0:00:03]} 14. Qxd3 {[%emt 0:00:01]} Rfe8+ {[%emt 0:00:04]} 15. Kd2 {[%emt 0:00:02]} Qg5+ {[%emt 0:00:02]} 16. Kc2 {[%emt 0:00:03]} Nxh1 {[%emt 0:00:01]} 17. Nh3 {[%emt 0:00:03]} Qg2 {[%emt 0:00:05]} 18. Rg1 {[%emt 0:00:04]} Qxf2+ {[%emt 0:00:04]} 19. Kb3 {[%emt 0:00:08]} Qe3 {[%emt 0:00:07]} 20. Qc2 {[%emt 0:00:03]} Nf2 {[%emt 0:00:03]} 21. Ng5 {[%emt 0:00:01]} Na5+ {[%emt 0:00:01]} 22. Ka3 {[%emt 0:00:03]} g6 {[%emt 0:00:01]} 23. h4 {[%emt 0:00:02]} Nc4+ {[%emt 0:00:01]} 24. Kb3 {[%emt 0:00:02]} a5 {[%emt 0:00:02]} 25. h5 {[%emt 0:00:02]} a4+ {[%emt 0:00:01]} 26. Kb4 {[%emt 0:00:02]} Nd3+ {[%emt 0:00:01]} 27. Kb5 {[%emt 0:00:02]} c6# {[%emt 0:00:00] (Lag: Av=0.57s, max=1.0s)} 0-1

[Event "Stay Safe Play from Home 160"]
[Site "T#646201Emanuel Laske"]
[Date "2020.05.20"]
[Round "6"]
[White "Mepe_Nika"]
[Black "Klari64"]
[Result "0-1"]
[WhiteElo "2304"]
[BlackElo "2312"]
[Annotator "NA"]
[PlyCount "56"]
[EventDate "2020.05.20"]
[EventType "swiss (blitz)"]

1. e4 {[%emt 0:00:01]} Nf6 {[%emt 0:00:02]} 2. Nc3 {[%emt 0:00:02]} d5 {[%emt 0:00:00]} 3. e5 {[%emt 0:00:01]} Nfd7 {[%emt 0:00:01]} 4. d4 {[%emt 0:00:01]} e6 {[%emt 0:00:01]} 5. f4 {[%emt 0:00:01]} a6 {[%emt 0:00:00]} 6. Nf3 {[%emt 0:00:01]} c5 {[%emt 0:00:00]} 7. Bd3 {[%emt 0:00:01]} Nc6 {[%emt 0:00:00]} 8. f5 {[%emt 0:00:01]} cxd4 {[%emt 0:00:01]} 9. fxe6 {[%emt 0:00:01]} fxe6 {[%emt 0:00:04]} 10. Ne2 {[%emt 0:00:01]} Ndxe5 {[%emt 0:00:01]} 11. Nxe5 {[%emt 0:00:01]} Nxe5 {[%emt 0:00:01]} 12. Nxd4 {[%emt 0:00:01]} Qh4+ {[%emt 0:00:01]} 13. g3 {[%emt 0:00:01]} Qxd4 {[%emt 0:00:02]} 14. Bg6+ {[%emt 0:00:02]} hxg6 {[%emt 0:00:00]} 15. Qxd4 {[%emt 0:00:01]} Nf3+ {[%emt 0:00:00]} 16. Kf2 {[%emt 0:00:01]} Nxd4 {[%emt 0:00:00]} 17. Bg5 {[%emt 0:00:01]} Nc6 {[%emt 0:00:02]} 18. h4 {[%emt 0:00:02]} Be7 {[%emt 0:00:00]} 19. Rhe1 {[%emt 0:00:01]} Bxg5 {[%emt 0:00:01]} 20. hxg5 {[%emt 0:00:00]} e5 {[%emt 0:00:00]} 21. Kf3 {[%emt 0:00:00]} e4+ {[%emt 0:00:01]} 22. Kg2 {[%emt 0:00:01]} Bh3+ {[%emt 0:00:01]} 23. Kg1 {[%emt 0:00:01]} Bg4 {[%emt 0:00:01]} 24. c4 {[%emt 0:00:01]} Bf3 {[%emt 0:00:00]} 25. cxd5 {[%emt 0:00:01]} Rh1+ {[%emt 0:00:01]} 26. Kf2 {[%emt 0:00:01]} Rxe1 {[%emt 0:00:00]} 27. Rxe1 {[%emt 0:00:01]} Ne5 {[%emt 0:00:00]} 28. Rc1 {[%emt 0:00:01]} Nd3+ {[%emt 0:00:01] Mepe_Nika resigns (Lag: Av=0.37s, max=0.7s)} 0-1

[Event "Stay Safe Play from Home 160"]
[Site "T#646201Emanuel Laske"]
[Date "2020.05.20"]
[Round "6"]
[White "Lamborghini"]
[Black "Karthikchess"]
[Result "0-1"]
[WhiteElo "2267"]
[BlackElo "2423"]
[Annotator "TA"]
[PlyCount "118"]
[EventDate "2020.05.20"]
[EventType "swiss (blitz)"]

{[%evp 9,118,47,49,32,18,-19,-10,-39,48,41,50,11,177,159,472,471,465,457,462,471,590,592,668,656,622,466,452,288,782,515,771,770,754,382,763,114,116,-69,-70,-68,-68,-74,-66,-68,-43,-134,-112,-165,-165,-200,-145,-131,0,0,-6,-161,-154,-217,-72,-72,-72,-205,0,0,0,0,0,0,0,0,0,0,0,0,0,0,0,0,0,0,0,-102,-43,-45,0,-8,-8,-8,0,0,0,0,9,0,9,-29988,-29989,-29989,-29987,-29988,-29989,-29989,-29990,-29990,-29991,-29993,-29994,-29994,-29995,-29995,-29995]} 1. e4 c5 2. Nf3 Nc6 3. d4 cxd4 4. Nxd4 Qb6 5. Nb3 e6 6. Qe2 {B32: Sicilian: Löwenthal and Kalashnikov Variations.} Nf6 7. e5 Nd5 $1 {[#]} 8. N1d2 $146 {[%cal Bb1d2,Bd2c4,Bc4d6][%mdl 32] The position is equal.} ({Predecessor:} 8. g3 Qc7 9. f4 d6 10. c4 Ndb4 11. exd6 Bxd6 12. Nc3 Be7 13. a3 Na6 14. Be3 {1-0 (34) Badmatsyrenov,O (2483)-Snetkov,I (1944) Ulan Ude 2013}) 8... Ndb4 (8... a5 $15) 9. Nc4 $14 Qc7 10. c3 Na6 $2 (10... Nd5 $11) 11. Bf4 $1 $18 Nc5 $2 (11... Be7 $16 {is more resistant.} 12. O-O-O b6) 12. Nd6+ $1 Bxd6 13. exd6 Qb6 14. Be3 Nxb3 15. Bxb6 axb6 16. Rd1 Rxa2 17. Qg4 O-O 18. Bc4 Ne5 $2 (18... Rxb2 19. Bxb3 Rxb3) 19. Qe4 ({Less strong is} 19. Bxb3 Nxg4 20. Bxa2 b5 $16) 19... Nxc4 20. Qxc4 Rxb2 21. O-O Nd2 $2 (21... Nc5 22. Rb1 Rd2) 22. Rxd2 $2 (22. Qe2 $18 {is the precise move to win.}) 22... Rxd2 $16 23. Qb5 $2 (23. Qc7 $16) 23... Rxd6 $15 24. Qb4 Rc6 $1 25. h3 d5 26. Rb1 h6 27. Qf4 (27. Qe7 $15) 27... Bd7 28. Rb4 (28. Qa4 $17) 28... Rfc8 $19 29. Kh2 Be8 30. Qd4 Rc4 (30... b5 $17 31. Rb3 Rc4) 31. Rxc4 $11 Rxc4 {[%mdl 4096] Endgame KQ-KRB} 32. Qe5 $2 (32. Qxb6 $11 {and White stays safe.} Bc6 33. Qd8+ Kh7 34. Qe7) 32... Bc6 $19 33. g4 (33. Qb8+ $17 {was forced.} Kh7 34. Qe5) 33... Re4 (33... b5 $1 $19 {is more deadly.} 34. Kg3 d4 $1 {[%mdl 512]} 35. cxd4 b4 36. Qb8+ Kh7) 34. Qb8+ $17 Kh7 35. Kg3 (35. Qc7 $17) 35... f5 $2 ({Black should play} 35... b5 $19 {...d4 is the strong threat.} 36. Qd6 Rc4) 36. gxf5 $1 $11 exf5 37. Qf8 f4+ 38. Kh4 Rc4 39. Qf5+ Kg8 40. Qe6+ Kf8 41. Kg4 Re4 42. Qd6+ Kg8 43. f3 Rc4 44. Qb8+ Kh7 45. Kf5 (45. Qc8 $11) 45... Bd7+ ({Black should try} 45... Rxc3 $17 46. Qxf4 {[#]} d4 $1 {[%mdl 512]} 47. Qxd4 Rxf3+ 48. Kg4 b5) 46. Ke5 $15 Rc6 47. Qd8 Bxh3 48. Kxf4 Rf6+ 49. Kg3 Bf5 50. Qxd5 Rg6+ 51. Kf4 Be6 52. Qf5 $2 {[%mdl 8192]} (52. Qxb7 $11 Rf6+ 53. Kg3) 52... Bxf5 {Black mates.} 53. Kxf5 {KR-KPP} Rf6+ 54. Ke4 h5 55. f4 h4 56. f5 h3 57. Ke5 h2 58. c4 h1=Q 59. c5 {[#]} Qh5 $1 {A wild game. Accuracy: White = 44%, Black = 46%.} 0-1

[Event "Stay Safe Play from Home 160"]
[Site "T#646201Emanuel Laske"]
[Date "2020.05.20"]
[Round "6"]
[White "toosieslide"]
[Black "Eidgenosse"]
[Result "0-1"]
[WhiteElo "2170"]
[BlackElo "2404"]
[PlyCount "146"]
[EventDate "2020.05.20"]
[EventType "swiss (blitz)"]

1. d4 {[%emt 0:00:02]} Nf6 {[%emt 0:00:00]} 2. c4 {[%emt 0:00:02]} g6 {[%emt 0:00:00]} 3. Nc3 {[%emt 0:00:00]} Bg7 {[%emt 0:00:00]} 4. e4 {[%emt 0:00:00]} O-O {[%emt 0:00:00]} 5. f3 {[%emt 0:00:00]} d6 {[%emt 0:00:00]} 6. Be3 {[%emt 0:00:00]} Nc6 {[%emt 0:00:00]} 7. Nge2 {[%emt 0:00:00]} a6 {[%emt 0:00:00]} 8. Qd2 {[%emt 0:00:00]} Rb8 {[%emt 0:00:00]} 9. Rc1 {[%emt 0:00:00]} e5 {[%emt 0:00:02]} 10. d5 {[%emt 0:00:01]} Ne7 {[%emt 0:00:00]} 11. g3 {[%emt 0:00:01]} Nh5 {[%emt 0:00:01]} 12. Bg2 {[%emt 0:00:01]} f5 {[%emt 0:00:00]} 13. O-O {[%emt 0:00:01]} Kh8 {[%emt 0:00:00]} 14. f4 {[%emt 0:00:03]} exf4 {[%emt 0:00:06]} 15. Nxf4 {[%emt 0:00:01]} Nf6 {[%emt 0:00:02]} 16. Bd4 {[%emt 0:00:03]} Bd7 {[%emt 0:00:03]} 17. Rce1 {[%emt 0:00:01]} b5 {[%emt 0:00:01]} 18. c5 {[%emt 0:00:01]} b4 {[%emt 0:00:01]} 19. Nd1 {[%emt 0:00:04]} Nxe4 {[%emt 0:00:01]} 20. Bxe4 {[%emt 0:00:01]} fxe4 {[%emt 0:00:00]} 21. Bxg7+ {[%emt 0:00:02]} Kxg7 {[%emt 0:00:01]} 22. Qd4+ {[%emt 0:00:00]} Kg8 {[%emt 0:00:01]} 23. Qxe4 {[%emt 0:00:01]} Nf5 {[%emt 0:00:03]} 24. Ne6 {[%emt 0:00:01]} Bxe6 {[%emt 0:00:01]} 25. Qxe6+ {[%emt 0:00:00]} Kh8 {[%emt 0:00:01]} 26. c6 {[%emt 0:00:05]} Qg5 {[%emt 0:00:04]} 27. Qe4 {[%emt 0:00:05]} Rbe8 {[%emt 0:00:03]} 28. Qg2 {[%emt 0:00:01]} h5 {[%emt 0:00:03]} 29. Nf2 {[%emt 0:00:03]} Ne3 {[%emt 0:00:02]} 30. Rxe3 {[%emt 0:00:04]} Qxe3 {[%emt 0:00:01]} 31. g4 {[%emt 0:00:01]} Qf3 {[%emt 0:00:01]} 32. Qxf3 {[%emt 0:00:02]} Rxf3 {[%emt 0:00:01]} 33. gxh5 {[%emt 0:00:00]} gxh5 {[%emt 0:00:00]} 34. Kg2 {[%emt 0:00:00]} Ref8 {[%emt 0:00:01]} 35. h4 {[%emt 0:00:02]} a5 {[%emt 0:00:00]} 36. b3 {[%emt 0:00:01]} Kh7 {[%emt 0:00:01]} 37. Kg1 {[%emt 0:00:00]} R8f4 {[%emt 0:00:01]} 38. Kg2 {[%emt 0:00:00]} Kg7 {[%emt 0:00:01]} 39. Kg1 {[%emt 0:00:00]} Kf6 {[%emt 0:00:00]} 40. Kg2 {[%emt 0:00:00]} Rxf2+ {[%emt 0:00:02]} 41. Rxf2 {[%emt 0:00:01]} Rxf2+ {[%emt 0:00:00]} 42. Kxf2 {[%emt 0:00:00]} Ke5 {[%emt 0:00:00]} 43. Kf3 {[%emt 0:00:00]} Kxd5 {[%emt 0:00:00]} 44. Kf4 {[%emt 0:00:00]} Kxc6 {[%emt 0:00:00]} 45. Kg5 {[%emt 0:00:00]} d5 {[%emt 0:00:00]} 46. Kxh5 {[%emt 0:00:00]} Kc5 {[%emt 0:00:00]} 47. Kg4 {[%emt 0:00:00]} Kd4 {[%emt 0:00:01]} 48. Kf3 {[%emt 0:00:00]} Kc3 {[%emt 0:00:01]} 49. h5 {[%emt 0:00:00]} d4 {[%emt 0:00:00]} 50. h6 {[%emt 0:00:00]} d3 {[%emt 0:00:00]} 51. h7 {[%emt 0:00:00]} d2 {[%emt 0:00:00]} 52. h8=Q+ {[%emt 0:00:00]} Kc2 {[%emt 0:00:00]} 53. Qd8 {[%emt 0:00:01]} d1=Q+ {[%emt 0:00:01]} 54. Qxd1+ {[%emt 0:00:00]} Kxd1 {[%emt 0:00:00]} 55. Ke4 {[%emt 0:00:00]} Kc2 {[%emt 0:00:00]} 56. Kd5 {[%emt 0:00:00]} Kb2 {[%emt 0:00:00]} 57. Kc6 {[%emt 0:00:00]} Kxa2 {[%emt 0:00:00]} 58. Kxc7 {[%emt 0:00:00]} Kxb3 {[%emt 0:00:00]} 59. Kb6 {[%emt 0:00:00]} a4 {[%emt 0:00:00]} 60. Kc5 {[%emt 0:00:00]} a3 {[%emt 0:00:00]} 61. Kc6 {[%emt 0:00:00]} a2 {[%emt 0:00:00]} 62. Kd6 {[%emt 0:00:00]} a1=Q {[%emt 0:00:00]} 63. Kd7 {[%emt 0:00:00]} Qc3 {[%emt 0:00:00]} 64. Kd8 {[%emt 0:00:01]} Kc2 {[%emt 0:00:00]} 65. Ke8 {[%emt 0:00:01]} b3 {[%emt 0:00:00]} 66. Kf7 {[%emt 0:00:00]} Qb4 {[%emt 0:00:00]} 67. Ke8 {[%emt 0:00:00]} Qb5+ {[%emt 0:00:00]} 68. Kf7 {[%emt 0:00:00]} Qb6 {[%emt 0:00:00]} 69. Kf8 {[%emt 0:00:00]} Qb7 {[%emt 0:00:00]} 70. Kg8 {[%emt 0:00:01]} Qa7 {[%emt 0:00:00]} 71. Kf8 {[%emt 0:00:00]} b2 {[%emt 0:00:00]} 72. Ke8 {[%emt 0:00:01]} b1=Q {[%emt 0:00:00]} 73. Kf8 {[%emt 0:00:00]} Qbb8# {[%emt 0:00:00] (Lag: Av=0.49s, max=1.0s)} 0-1